Critical Understanding Of ICT (Record no. 199725)

MARC details
000 -LEADER
fixed length control field 00716nam a22002057a 4500
005 - DATE AND TIME OF LATEST TRANSACTION
control field 20231220145522.0
010 ## - LCCN (DPL NO)
LC control number ENG-138655
020 ## - INTERNATIONAL STANDARD BOOK NUMBER
International Standard Book Number 9788195022359
Terms of availability 995.00
035 ## - SYSTEM CONTROL NUMBER
System control number EN-122187
037 ## - SOURCE OF ACQUISITION
Source of stock number/acquisition DBAD/PUB
082 ## - DEWEY DECIMAL CLASSIFICATION NUMBER
Classification number 370
Edition number 1
100 ## - MAIN ENTRY--PERSONAL NAME
Personal name Das, B.C.
245 ## - TITLE STATEMENT
Title Critical Understanding Of ICT
Statement of responsibility, etc By B.C. Das; Praveen Bobby Binjha; M. Sujatha
260 ## - PUBLICATION, DISTRIBUTION, ETC. (IMPRINT)
Place of publication, distribution, etc New Delhi
Name of publisher, distributor, etc Neelkamal Publications
Date of publication, distribution, etc 2021
270 ## - ADDRESS
Address 4764/1, 23, Ansari Road
City Daryaganj, New Delhi
Postal code 110002
Telephone number 011-23244237
-- 9811828953
Electronic mail address neelkamalbooks@gmail.com
300 ## - PHYSICAL DESCRIPTION
Extent xii+208p.
Dimensions 25cm(hbk)
700 ## - ADDED ENTRY--PERSONAL NAME
Personal name Praveen Bobby Binjha
Relator term Author
9 (RLIN) 60036
700 ## - ADDED ENTRY--PERSONAL NAME
Personal name Sujatha, M.
Relator term Author
9 (RLIN) 60056
942 ## - ADDED ENTRY ELEMENTS (KOHA)
Source of classification or shelving scheme Dewey Decimal Classification
Item type English Books
Classification part 370
Call number suffix DAS
Holdings
Withdrawn status Lost status Not for loan Collection code Home library Current library Date acquired Source of acquisition Cost, normal purchase price Full call number Barcode Copy number Cost, replacement price Koha item type
      Non-fiction Tri Nagar Tri Nagar 20/12/2023 DBAD/PUB 995.00 370 DAS EN-122187 1 995.00 English Books

© Delhi Public Library
Hit Counter
free hit counter